| 000 | 00980nam a2200253 a 4500 | ||
|---|---|---|---|
| 001 | 43705 | ||
| 003 | BD-RjUL | ||
| 005 | 20211209053735.0 | ||
| 008 | 160626s1963 mauab b 001 0 eng d | ||
| 035 | _a(BD-RjUL)43823 | ||
| 040 |
_aDLC _cWSU _dm.c. _dSER _dEQO _beng |
||
| 041 | _aeng | ||
| 082 |
_a336.20967 _bDUT 1963 |
||
| 100 | 1 |
_aDue, John F. _q(John Fitzgerald), _d1915-2009. _9134311 |
|
| 245 | 1 | 0 |
_aTaxation and economic development in tropical Africa / _cJohn F. Due |
| 260 |
_aCambridge, Mass : _bMIT Press, _c1963 |
||
| 300 |
_a172 p. : _bill. ; _c25 cm |
||
| 500 | _a"Based on a series of lectures given ... during the week of December 3-7, 1962, at Cambridge, under the auspices of the Harvard Law School International Program in Taxation and the M.I.T. School of Industrial Management." | ||
| 504 | _aIncludes bibliographical references | ||
| 504 | _aIncludes index | ||
| 650 | 0 |
_aTaxation _zAfrica, Sub-Saharan _9134312 |
|
| 942 |
_2ddc _cBK |
||
| 999 |
_c43705 _d43705 |
||